01020cam a22002895a 45000010009000000050017000090080041000260200018000670400031000850820020001161000035001362450048001712600049002193000038002684900022003065000022003285000041003506500024003916500033004156500038004486510010004866530021004966530021005179420020005389990017005589520155005751644575720150615123334.0100903t2009 caua fr 001 0 eng d a9780596153939 aNjBwBTbengcJFNdEG-ScBUE04a005.74bMIL2221 aMilton, Michael,d1978-93816910aHead first data analysis /cMichael Milton. aSebastopol :bO'Reilly Media, Inc.,cc.2009. axxxviii, 445 p. :bill. ;c24 cm.0 aHead first series aIndex : p.435-445 a"A brain - friendly guide" on cover. 0aData mining.2BUEsh 0aKnowledge management.2BUEsh 0aBusinessxData processing.2BUEsh 2BUEsh bCOMSCIcJune2015 bCOMAMEcJune2015 2ddck005.74 MIL c19618d19590 00102ddc40708AlahramaMAINbMAINcLOWd2015-06-11epurchaseg336.50h325l1m2o005.74 MILp000038638r2025-07-15 00:00:00s2015-06-22v420.63yBB